Liverpool goalscorers in all competitions 2015/16 Quiz Stats

Quiz not verified by Sporcle

Also try: NASCAR Champions
Challenge
Share
Tweet
Embed
Score 0/22 Timer 05:00
0 Plays Today
Goals Player % Correct
12Philippe Coutinho
97.6%
11Roberto Firmino
96.7%
13Daniel Sturridge
95.9%
2Jordan Henderson
95.1%
10Divock Origi
91.9%
1Dejan Lovren
91.1%
7Adam Lallana
90.2%
2Emre Can
89.4%
7James Milner
87%
2Nathaniel Clyne
87%
1Alberto Moreno
82.1%
Goals Player % Correct
2Mamadou Sakho
80.5%
10Christian Benteke
79.7%
1Martin Skrtel
75.6%
3Joe Allen
67.5%
3Danny Ings
59.3%
4Jordon Ibe
56.1%
1Kolo Toure
54.5%
1Sheyi Ojo
48.8%
1Brad Smith
38.2%
1Jerome Sinclair
35.8%
1Joao Carlos Teixeira
26%

You're not logged in!

Compare scores with friends on all Sporcle quizzes.
Sign Up with Email
OR
Log In

You Might Also Like...

Show Comments

Extras

Top Quizzes Today


Score Distribution

Your Account Isn't Verified!

In order to create a playlist on Sporcle, you need to verify the email address you used during registration. Go to your Sporcle Settings to finish the process.